Statistics for Best Minecraft PvPers

Click here to take the quiz!

General Stats

  • This quiz has been taken 432 times
  • The average score is 4 of 25

Answer Stats

#Answer% Correct
3Huahwi
71%
5xNestorio
62%
8Stimpy
53%
1Danteh
47%
2Tylarzz
33%
11SuchSpeed
30%
10ZMCNikolai
18%
7Mentally
14%
13cayden
13%
24BlueDeww
12%
23SolrFlare
12%
25BiboyQG
11%
4Chanse
9%
16ComboDombo
8%
22HattoWolf
6%
6RealHazza
6%
19Barcode
5%
12eliazOne
5%
9SamAGaming
5%
15ScOpE_H3ad
5%
20Upriserryker
5%
17ibeaturscore
4%
21NoahSailor
4%
14Timonscholte
4%
18TOXICWASTEII
4%

Score Distribution

Percentile by Number Answered

Percent of People with Each Score

Your Score History

You have not taken this quiz